Normal view
MARC view
- Talha Irfan
Entry Personal Name
001 - CONTROL NUMBER
- control field: 70302
003 - CONTROL NUMBER IDENTIFIER
- control field: NUST
005 - DATE AND TIME OF LATEST TRANSACTION
- control field: 20210628204424.0
008 - FIXED-LENGTH DATA ELEMENTS
- fixed length control field: 210628|| aca||aabn | a|a d
040 ## - CATALOGING SOURCE
- Original cataloging agency: NUST
- Transcribing agency: NUST
100 ## - HEADING--PERSONAL NAME
- Personal name: Talha Irfan
670 ## - SOURCE DATA FOUND
- Source citation: Work cat.: (NUST): Talha Irfan , TH-SOF-1425-Analysis and Fast Prediction of lncRNA Transcripts using Weighted K-mers Adjacency (WeKA) Kernels, 2016
